Energy management and conservation (Record no. 13335)

000 -LEADER
fixed length control field 00545nam a2200205 a 4500
001 - CONTROL NUMBER
control field 13335
003 - CONTROL NUMBER IDENTIFIER
control field BD-DhUET
008 - FIXED-LENGTH DATA ELEMENTS--GENERAL INFORMATION
fixed length control field 810828s1982 njua 001 0 eng
020 ## - INTERNATIONAL STANDARD BOOK NUMBER
International Standard Book Number 013277657X
040 ## - CATALOGING SOURCE
Original cataloging agency DLC
Transcribing agency DLC
Modifying agency BD-DhUET
082 00 - DEWEY DECIMAL CLASSIFICATION NUMBER
Classification number 697
Item number PAT/1982
100 1# - MAIN ENTRY--PERSONAL NAME
Personal name Patrick, Dale R.
245 10 - TITLE STATEMENT
Title Energy management and conservation
250 ## - EDITION STATEMENT
Edition statement 1st ed.
260 ## - PUBLICATION, DISTRIBUTION, ETC. (IMPRINT)
Place of publication, distribution, etc. Englewood Cliffs
Name of publisher, distributor, etc. Prentice-Hall
Date of publication, distribution, etc. 1982
300 ## - PHYSICAL DESCRIPTION
Extent x, 229 p.
Other physical details ill.
Dimensions 29 cm.
650 #0 - SUBJECT ADDED ENTRY--TOPICAL TERM
Topical term or geographic name as entry element Building - Energy conservation
700 1# - ADDED ENTRY--PERSONAL NAME
Personal name Fardo, Stephen W.
942 ## - ADDED ENTRY ELEMENTS (KOHA)
Koha item type General Book
Holdings
Copy number Sublocation or collection (holding branch) Koha normalized classification for sorting Piece designation (barcode) Withdrawn status Koha item type Price effective from Lost status Damaged status Shelving location Location (home branch) Koha date last seen Date acquired Source of classification or shelving scheme Koha full call number Not for loan
2Central Library, BUET697_000000000000000_PAT_198265415 General Book2015-03-02  Circulation sectionCentral Library, BUET2015-03-022015-03-02 697/PAT/1982 
1Central Library, BUET697_000000000000000_PAT_198265100 General Book2015-03-02  Circulation sectionCentral Library, BUET2015-03-022015-03-02 697/PAT/1982